[Event "CAN-ch U16 Girls"]
[Site "Kitchener"]
[Date "2006.07.12"]
[Round "6"]
[White "Wan, Karen"]
[Black "Du, Jasmine"]
[Result "0-1"]
[WhiteElo "1088"]
[BlackElo "1436"]
[PlyCount "124"]
[EventDate "2006.07.10"]
[EventType "tourn"]
[EventRounds "7"]
[EventCountry "CAN"]
[SourceTitle "CBM 113 Extra"]
[Source "ChessBase"]
[SourceDate "2006.09.14"]
[SourceVersion "1"]
[SourceVersionDate "2006.09.14"]
[SourceQuality "1"]

1. e4 e5 2. Nf3 Nc6 3. Bc4 Bc5 4. c3 Nf6 5. d4 exd4 6. cxd4 Bb4+ 7. Nc3 Nxe4 8. 0-0 Bxc3 9. bxc3 d5 10. Bb5 0-0 11. Bxc6 bxc6 12. Ne5 Nxc3 13. Qc2 Ne4 14. Nxc6 Qd6 15. Ne5 Bf5 16. Qc6 f6 17. Qxd6 Nxd6 18. Nc6 Rfe8 19. Bf4 Nb5 20. Rfe1 Be6 21. Re3 a5 22. Rae1 Kf7 23. a4 Nd6 24. Bxd6 cxd6 25. R3e2 Bd7 26. Re7+ Kf8 27. Rxe8+ Bxe8 28. Ne7 Bxa4 29. Nxd5 Bb3 30. Nc3 a4 31. Rb1 d5 32. g3 Rc8 33. Nb5 Rc4 34. Kg2 Rb4 35. Nc7 Kf7 36. Na6 Rxd4 37. Nc5 Bc2 38. Rb7+ Kg6 39. Ne6 Be4+ 40. Kf1 Rc4 41. Nf4+ Kh6 42. h4 Bf3 43. Nd3 Rc3 44. Ne1 Rc1 45. Ra7 Ra1 46. Ra5 a3 47. Ra4 a2 48. Ra3 d4 49. Ra5 Bd5 50. Rxd5 Rxe1+ 51. Kxe1 a1Q+ 52. Kd2 Qa2+ 53. Kd3 Qxd5 54. Kd2 Qf3 55. Ke1 d3 56. Kd2 Qe2+ 57. Kc3 d2 58. Kb4 d1R 59. Kc5 Qc2+ 60. Kb4 Rb1+ 61. Ka3 Qb2+ 62. Ka4 Qb4# 0-1